000 02068nam2a22002891 4500
001 RU\NLR\INFOCOMM29\5000124182
005 20250617133132.0
035 _a(NLR Aleph) 002632734
090 _a3715719
_c3715719
100 _a20050215d1962 |||y0rusy50 ca
101 0 _arus
102 _aRU
105 _ay ||||000|y
200 1 _aПрибор для измерения внутреннего трения
_fЮ.В. Пигузов, Р. Раттке
210 _d1962
_aБ. м.
225 1 _aТема 32. Приборы для исследования физико-механических свойств и структуры материалов
_vВып.2
423 0 _12001#$aУстановка УП-3 для определения модуля Юнга в диапазоне температур 20-2000°С$fВ.А. Кузьменко, Ю.А. Кашталян
_1700#1$aКузьменко$bВ.А.
_1701#1$aКашталян$bЮ.А.
_tУстановка УП-3 для определения модуля Юнга в диапазоне температур 20-2000°С
_aКузьменко, В.А.
461 0 _1001RU\NLR\INFOCOMM29\5000122211
_12001#$aПередовой научно-технический и производственный опыт$iПриборы для научных исследований$fГос. Науч.-техн. ком. Совета министров РСФСР. Центр. ин-т техн. экон. информации$v1962, №П-62-3
_93998407
_cМ.
_d1958-
_fГос. Науч.-техн. ком. Совета министров РСФСР. Центр. ин-т техн. экон. информации
_iПриборы для научных исследований
_tПередовой научно-технический и производственный опыт
_v1962, №П-62-3
700 1 _aПигузов
_bЮ.В.
_4070
701 1 _aРаттке
_bР.
_4070
801 1 _aRU
_bInfoComm
_c20050217
801 0 _aRU
_bNLR
_gPSBO
852 _aNLR
_jП11/1555
942 _cISSUE
980 _aNB
980 _aRUSPER